Hội ba làng kẻ
Tác phẩm miêu tả đất kẻ xưa và nay, giới thiệu về Thành Hoàng ba làng kẻ cùng với các lễ hội, di tích thờ Thành Hoàng ba làng kẻ. Và một số ảnh minh họa của Nguyễn Văn Hoàn về làng Thượng Cát - xã Thượng Cát, ảnh tư liệu về làng Đốn...
保存先:
| 団体著者: | |
|---|---|
| フォーマット: | 図書 |
| 言語: | Undetermined |
| 出版事項: |
Hà Nội
Văn hóa Dân tộc
2011
|
| 主題: | |
| タグ: |
タグ追加
タグなし, このレコードへの初めてのタグを付けませんか!
|
| Thư viện lưu trữ: | Trung tâm Học liệu Trường Đại học Cần Thơ |
|---|
| LEADER | 01028nam a2200205Ia 4500 | ||
|---|---|---|---|
| 001 | CTU_172706 | ||
| 008 | 210402s9999 xx 000 0 und d | ||
| 082 | |a 394.269597 | ||
| 082 | |b H452 | ||
| 110 | |a Hội Văn nghệ dân gian Việt Nam | ||
| 245 | 0 | |a Hội ba làng kẻ | |
| 245 | 0 | |c Nguyễn Tọa (Sưu tầm, giới thiệu) | |
| 260 | |a Hà Nội | ||
| 260 | |b Văn hóa Dân tộc | ||
| 260 | |c 2011 | ||
| 520 | |a Tác phẩm miêu tả đất kẻ xưa và nay, giới thiệu về Thành Hoàng ba làng kẻ cùng với các lễ hội, di tích thờ Thành Hoàng ba làng kẻ. Và một số ảnh minh họa của Nguyễn Văn Hoàn về làng Thượng Cát - xã Thượng Cát, ảnh tư liệu về làng Đống Ba, Đại Cát. | ||
| 650 | |a Folk festivals,Lễ hội dân gian | ||
| 650 | |z Vietnam,Việt Nam | ||
| 904 | |i Tuyền,Hải | ||
| 980 | |a Trung tâm Học liệu Trường Đại học Cần Thơ | ||